Statistiques concernant Joueurs G2 EU LCS/LEC

Cliquez ici pour prendre le quiz!

Statistiques générales

  • Ce quiz a été pris 11 fois
  • Le résultat moyen est 14 sur 20

Statistiques - réponses

RôlePaysAnnéesJoueur% Correct
Mid/AdcDanemark2019-ActuellementCaps
100%
AdcFrance2023-ActuellementHans Sama
100%
JunglePologne2018-2022Jankos
100%
SupportSlovénie2019-2021 2023-ActuellementMikyx
100%
Mid/AdcCroatie2016-2020Perkz
100%
AdcSuède2021Rekkles
100%
SupportBelgique2022Targamas
100%
TopDanemark2018-2021Wunder
100%
TopAllemagne2022-ActuellementBrokenBlade
89%
AdcEspagne2022Flakked
89%
JungleSuède2023-ActuellementYike
89%
AdcDanemark2016-2017Zven
67%
TopCorée du Sud2016-2017Expect
44%
TopPologne2016Kikis
44%
SupportCorée du Sud2018Wadid
44%
AdcSuède2018Hjarnan
33%
JungleCorée du Sud2016-2017Trick
33%
SupportEspagne2016-2017Mithy
22%
AdcCorée du Sud2016Emperor
11%
SupportPays-Bas2016Hybrid
11%

Distribution des résultats

Percentile par nombre de réponses

% des personnes avec chaque résultat

Votre développement - résultats

Vous n’avez pas pris ce quiz